The Greek New Testament / (Record no. 6723)

MARC details
000 -LEADER
fixed length control field 02424cam a2200589Ii 4500
001 - CONTROL NUMBER
control field 455275
003 - CONTROL NUMBER IDENTIFIER
control field GBCCL
005 - DATE AND TIME OF LATEST TRANSACTION
control field 20241126110609.0
008 - FIXED-LENGTH DATA ELEMENTS--GENERAL INFORMATION
fixed length control field 761004s1975 nyub bd 001 0 gre d
020 ## - INTERNATIONAL STANDARD BOOK NUMBER
International Standard Book Number 3438051109
Qualifying information (vinyl)
020 ## - INTERNATIONAL STANDARD BOOK NUMBER
International Standard Book Number 9783438051103
Qualifying information (vinyl)
020 ## - INTERNATIONAL STANDARD BOOK NUMBER
International Standard Book Number 3438051117
Qualifying information (leather)
020 ## - INTERNATIONAL STANDARD BOOK NUMBER
International Standard Book Number 9783438051110
Qualifying information (leather)
029 1# -
-- AU@
-- 000023074633
029 1# -
-- DEBBG
-- BV013312595
029 1# -
-- GBVCP
-- 01985112X
029 1# -
-- NZ1
-- 12245330
029 1# -
-- NZ1
-- 3188976
035 ## - SYSTEM CONTROL NUMBER
System control number (OCoLC)ocm02480294
035 ## - SYSTEM CONTROL NUMBER
System control number (OCoLC)2480294
040 ## - CATALOGING SOURCE
Original cataloging agency UPC
Language of cataloging eng
Transcribing agency UPC
Modifying agency OCL
-- OCLCQ
-- VFY
-- DEBBG
-- OCLCQ
-- OCLCO
-- OCLCF
-- OCLCQ
-- LBB
041 0# -
-- gre
-- eng
049 ## -
-- LBB1
050 #4 -
-- BS1965
-- 1975
082 04 - DEWEY DECIMAL CLASSIFICATION NUMBER
Classification number 225.48
Item number GRE
Edition information GRE
084 ## - OTHER CLASSIFICATION NUMBER
Classification number BC 2200
Number source rvk
084 ## - OTHER CLASSIFICATION NUMBER
Classification number BC 2203
Number source rvk
090 ## - LOCALLY ASSIGNED LC-TYPE CALL NUMBER (OCLC); LOCAL CALL NUMBER (RLIN)
Classification number (OCLC) (R) ; Classification number, CALL (RLIN) (NR) BS1965
Local cutter number (OCLC) ; Book number/undivided call number, CALL (RLIN) 1975
130 0# -
-- Bible.
-- New Testament.
-- Greek.
-- 1975.
-- 12029
245 14 - TITLE STATEMENT
Title The Greek New Testament /
Statement of responsibility, etc. edited by Kurt Aland [and others] in cooperation with the Institute for New Testament Textual Research.
250 ## - EDITION STATEMENT
Edition statement 3d ed.
260 ## - PUBLICATION, DISTRIBUTION, ETC.
Place of publication, distribution, etc. New York :
Name of publisher, distributor, etc. United Bible Societies,
Date of publication, distribution, etc. 1975.
300 ## - PHYSICAL DESCRIPTION
Extent lxii, 918, 203 pages :
Other physical details color maps (on lining papers) ;
Dimensions 19 cm
336 ## - CONTENT TYPE
Content type term text
Content type code txt
Source rdacontent
337 ## - MEDIA TYPE
Media type term unmediated
Media type code n
Source rdamedia
338 ## - CARRIER TYPE
Carrier type term volume
Carrier type code nc
Source rdacarrier
500 ## - GENERAL NOTE
General note Includes A concise Greek-English dictionary of the New Testament, prepared by Barclay M. Newman, United Bible Societies, London, 1971.
500 ## - GENERAL NOTE
General note Includes indexes.
504 ## - BIBLIOGRAPHY, ETC. NOTE
Bibliography, etc. note Includes bibliographical references (pages lv-lxii).
630 00 - SUBJECT ADDED ENTRY--UNIFORM TITLE
Uniform title Bible.
Name of part/section of a work New Testament.
Language of a work Greek
Form subdivision Dictionaries.
9 (RLIN) 12030
630 07 - SUBJECT ADDED ENTRY--UNIFORM TITLE
Uniform title Bible.
Name of part/section of a work New Testament.
Source of heading or term fast
Authority record control number or standard number (OCoLC)fst01808090
9 (RLIN) 1371
630 07 - SUBJECT ADDED ENTRY--UNIFORM TITLE
Uniform title Neues Testament.
Authority record control number or standard number (DE-588)4041771-2
Source of heading or term gnd
9 (RLIN) 7935
650 07 - SUBJECT ADDED ENTRY--TOPICAL TERM
Topical term or geographic name entry element Griechisch.
Authority record control number or standard number (DE-588)4113791-7
Source of heading or term gnd
9 (RLIN) 12031
650 07 - SUBJECT ADDED ENTRY--TOPICAL TERM
Topical term or geographic name entry element Latein.
Authority record control number or standard number (DE-588)4114364-4
Source of heading or term gnd
9 (RLIN) 12032
655 #7 - INDEX TERM--GENRE/FORM
Genre/form data or focus term Dictionaries.
Source of term fast
Authority record control number or standard number (OCoLC)fst01423826
9 (RLIN) 3629
700 1# - ADDED ENTRY--PERSONAL NAME
Personal name Aland, Kurt,
Relator term editor.
9 (RLIN) 3049
700 12 - ADDED ENTRY--PERSONAL NAME
Personal name Newman, Barclay Moon,
Dates associated with a name 1931-
Title of a work Concise Greek-English dictionary of the New Testament.
9 (RLIN) 12033
710 2# - ADDED ENTRY--CORPORATE NAME
Corporate name or jurisdiction name as entry element Institute for New Testament Textual Research (U.S.)
9 (RLIN) 12034
740 02 -
-- Concise Greek-English dictionary of the New Testament.
776 08 - ADDITIONAL PHYSICAL FORM ENTRY
Relationship information Online version:
Main entry heading Bible. N.T. Greek. 1975.
Title Greek New Testament.
Edition 3d ed.
Place, publisher, and date of publication New York : United Bible Societies, 1975
Record control number (OCoLC)613716493
942 ## - ADDED ENTRY ELEMENTS (KOHA)
Source of classification or shelving scheme Dewey Decimal Classification
Koha item type Reference Books
Holdings
Withdrawn status Lost status Source of classification or shelving scheme Damaged status Not for loan Home library Current Library Shelving location Date acquired Total checkouts Full call number Barcode Date last seen Copy number Price effective from Koha item type
    Dewey Decimal Classification     GRACE BIBLE COLLEGE GRACE BIBLE COLLEGE Language 2018-05-25   225.48 GRE 012760 2025-05-01 c.1 2018-05-25 Language
    Dewey Decimal Classification     GRACE BIBLE COLLEGE GRACE BIBLE COLLEGE Language 2018-05-25   225.48 GRE 012761 2025-05-01 c.2 2018-05-25 Language
    Dewey Decimal Classification     GRACE BIBLE COLLEGE GRACE BIBLE COLLEGE Language 2018-05-25   225.48 GRE 012762 2025-05-01 c.3 2018-05-25 Language
    Dewey Decimal Classification     GRACE BIBLE COLLEGE GRACE BIBLE COLLEGE Language 2018-05-25   225.48 GRE 012763 2025-05-01 c.4 2018-05-25 Language
    Dewey Decimal Classification     GRACE BIBLE COLLEGE GRACE BIBLE COLLEGE Language 2018-05-25   225.48 GRE 012764 2025-05-01 c.5 2018-05-25 Language
    Dewey Decimal Classification     GRACE BIBLE COLLEGE GRACE BIBLE COLLEGE Language 2018-05-25   225.48 GRE 012765 2025-05-01 c.6 2018-05-25 Language
    Dewey Decimal Classification     GRACE BIBLE COLLEGE GRACE BIBLE COLLEGE Language 2018-05-25   225.48 GRE 012766 2025-05-01 c.7 2018-05-25 Language
    Dewey Decimal Classification     GRACE BIBLE COLLEGE GRACE BIBLE COLLEGE Language 2018-05-25   225.48 GRE 012767 2025-05-01 c.8 2018-05-25 Language
    Dewey Decimal Classification     GRACE BIBLE COLLEGE GRACE BIBLE COLLEGE Language 2018-05-25   225.48 GRE 012768 2025-05-01 c.9 2018-05-25 Language
© Grace Bible College Library 2025